000 00557nam a2200169 4500
001 131627
003 ES-MaACL
005 20230906194021.0
007 t|
008 070214s1955 sp r ||||1| spa d
100 1 _aRodríguez-Buzón, Antonio.
_998389
245 1 3 _aEl amor crucificado /
_cAntonio Rodríguez-Buzón ; prólogo de Manuel García Bravo-Ferrer.
260 _aSevilla :
_b[s.n.],
_c1955 (
_fGráf. del Sur)
300 _a89 p., 4 lám. ;
_c24 cm.
700 1 _aGarcía Bravo-Ferrer, Manuel.
_954291
852 _aES-MaACL
_j1981-F-13
_bR.37476
999 _c131627
_d131627